<?xml version="1.0" encoding="UTF-8"?>
<collection xmlns="http://www.loc.gov/MARC21/slim">
 <record>
  <leader>00547pamaa2200169   4500</leader>
  <controlfield tag="001">0000027336</controlfield>
  <controlfield tag="005">20110923090000.0</controlfield>
  <datafield tag="020" ind1="0" ind2="0">
   <subfield code="a">0619015136 </subfield>
  </datafield>
  <datafield tag="082" ind1=" " ind2=" ">
   <subfield code="a">005.44769 TIT</subfield>
  </datafield>
  <datafield tag="090" ind1="0" ind2="0">
   <subfield code="a">QA76.76.O63 </subfield>
   <subfield code="b">TIT 2000</subfield>
  </datafield>
  <datafield tag="100" ind1="1" ind2="0">
   <subfield code="a">Tittel </subfield>
  </datafield>
  <datafield tag="245" ind1="1" ind2="0">
   <subfield code="a">MCSE guide to microsoft windows 2000 profesional  </subfield>
   <subfield code="c">Ed Tittel and James Michael Stewart.</subfield>
  </datafield>
  <datafield tag="260" ind1="0" ind2="0">
   <subfield code="a">Australia: </subfield>
   <subfield code="b">Thomson Learning, </subfield>
   <subfield code="c">2000.</subfield>
  </datafield>
  <datafield tag="300" ind1=" " ind2=" ">
   <subfield code="a">xxiii, 6168p.: </subfield>
   <subfield code="b">ill.; </subfield>
   <subfield code="c">24cm.</subfield>
  </datafield>
  <datafield tag="500" ind1="0" ind2="0">
   <subfield code="a">Include 1CD-ROM titled &quot; Course Prep&quot;</subfield>
  </datafield>
  <datafield tag="650" ind1="0" ind2="0">
   <subfield code="a">Operating systems (Computers) </subfield>
  </datafield>
  <datafield tag="650" ind1="0" ind2="0">
   <subfield code="a">Microsoft windows 2000 </subfield>
  </datafield>
 </record>
</collection>
